| 000 -LEADER |
| fixed length control field |
00457cam a22001571 4500 |
| 040 ## - CATALOGING SOURCE |
| Transcribing agency |
NBuU |
| 082 ## - DEWEY DECIMAL CLASSIFICATION NUMBER |
| Classification number |
549 GAU 1967 A030 Or. |
| 100 1# - MAIN ENTRY--AUTHOR NAME |
| Personal name |
Laffitte, Marc. |
| 245 10 - TITLE STATEMENT |
| Title |
Cours de chimie minérale. |
| 260 ## - PUBLICATION, DISTRIBUTION, ETC. (IMPRINT) |
| Place of publication |
Paris, |
| Name of publisher |
Gauthier-Villars, Dunod, |
| Year of publication |
1967. |
| 300 ## - PHYSICAL DESCRIPTION |
| Number of Pages |
xvi, 319 p. |
| Other physical details |
illus. plates (part col.) |
| Dimensions |
24 cm. |
| 490 0# - SERIES STATEMENT |
| Series statement |
Collection Enseignement de la chimie. |
| 500 ## - GENERAL NOTE |
| General note |
Illustrated cover. |
| 650 #0 - SUBJECT ADDED ENTRY--TOPICAL TERM |
| Topical Term |
Mineralogical chemistry. |
| 942 ## - ADDED ENTRY ELEMENTS (KOHA) |
| Koha item type |
សៀវភៅភាសាបារាំង |
| 952 ## - LOCATION AND ITEM INFORMATION (KOHA) |
| Withdrawn status [LOCAL, KOHA] |
0 |
| 952 ## - LOCATION AND ITEM INFORMATION (KOHA) |
| Withdrawn status [LOCAL, KOHA] |
0 |
| 952 ## - LOCATION AND ITEM INFORMATION (KOHA) |
| Withdrawn status [LOCAL, KOHA] |
0 |